<?xml version="1.0" encoding="UTF-8"?>
<record
    xmlns:xsi="http://www.w3.org/2001/XMLSchema-instance"
    xsi:schemaLocation="http://www.loc.gov/MARC21/slim http://www.loc.gov/standards/marcxml/schema/MARC21slim.xsd"
    xmlns="http://www.loc.gov/MARC21/slim">

  <leader>00335    a2200109   4500</leader>
  <controlfield tag="001">ART_12073</controlfield>
  <controlfield tag="005">20260410161903.0</controlfield>
  <controlfield tag="008">260409a                                 </controlfield>
  <datafield tag="245" ind1="1" ind2="0">
    <subfield code="a">A note on three-stage least squares estimation</subfield>
  </datafield>
  <datafield tag="100" ind1="1" ind2=" ">
    <subfield code="a">Maravall, Agustin</subfield>
  </datafield>
  <datafield tag="773" ind1="0" ind2=" ">
    <subfield code="t">Journal of econometrics</subfield>
    <subfield code="g">- Vol. 4, N&#xBA; 4 (nov. 1976)</subfield>
    <subfield code="w">REV11720</subfield>
  </datafield>
  <datafield tag="999" ind1=" " ind2=" ">
    <subfield code="c">26067</subfield>
    <subfield code="d">26067</subfield>
  </datafield>
</record>
